书目信息 |
| 题名: |
奥地利
|
|
| 作者: | ;常烨 , 张艳丽 , 徐元铭 翻译 ;新加坡APA出版有限公司 编辑 | |
| 分册: | ||
| 出版信息: | 北京 中国水利水电出版社 1999.12 |
|
| 页数: | 346页 | |
| 开本: | 23cm | |
| 丛书名: | 《异域风情》丛书 | |
| 单 册: | ||
| 中图分类: | K952.1 | |
| 科图分类: | ||
| 主题词: | ||
| 电子资源: | ||
| ISBN: | 7-5084-0228-6 | |
| 000 | 01449nam 2200313 450 | |
| 001 | 012008386143 | |
| 005 | 20080314101111.43 | |
| 010 | @a7-5084-0228-6@dCNY68.00 | |
| 100 | @a20080314d1999 km y0chiy0120 ea | |
| 101 | 1 | @achi@ceng |
| 102 | @aCN@b110000 | |
| 105 | @aa a 0001y | |
| 106 | @ar | |
| 200 | 1 | @a奥地利@Aao di li@f[新加坡APA出版有限公司编辑]@F[xin jia po APA chu ban you xian gong si bian ji]@g翻译徐元铭, 常烨, 张艳丽@Gfan yi xu yuan ming,chang ye,zhang yan li |
| 210 | @a北京@c中国水利水电出版社@d1999.12 | |
| 215 | @a346页@c图@d23cm | |
| 225 | 2 | @a《异域风情》丛书@A《yi yu feng qing》cong shu@v1 |
| 304 | @a责任者取自版权页。 | |
| 320 | @a有书目 (第337页) 和索引。 | |
| 330 | @a异域风情丛书是一套集历史、文化、地理等知识于一体的丛书。本套丛书由德国APA公司策划,已有英语、法语、德语等多种文本。本书主要介绍奥地利的地理环境、政治经济、历史沿革、文化艺术。它以大量富有艺术感染力的彩色照片,以画报的形式生动形象地展示了这个国家或地区最具特色的名胜古迹、风土人情和自然风光;它以详尽的旅游信息(包括地图),全面介绍了本国的旅游景点和注意事项。 | |
| 410 | 0 | @12001 @a《异域风情》丛书 |
| 607 | 0 | @a奥地利@Aao di li@x概况 |
| 690 | @aK952.1@v4 | |
| 702 | 0 | @a常烨@Achang ye@4翻译 |
| 702 | 0 | @a张艳丽@Azhang yan li@4翻译 |
| 702 | 0 | @a徐元铭@Axu yuan ming@4翻译 |
| 711 | 02 | @a新加坡APA出版有限公司@Axin jia po APA chu ban you xian gong si@4编辑 |
| 801 | 0 | @aCN@bQSSK@c20080314 |
| 905 | @b20283285-87@dK952.1@eX547@f3 | |
| 奥地利/[新加坡APA出版有限公司编辑]/翻译徐元铭, 常烨, 张艳丽.-北京:中国水利水电出版社,1999.12 |
| 346页:图;23cm.-(《异域风情》丛书;1) |
| ISBN 7-5084-0228-6:CNY68.00 |
| 异域风情丛书是一套集历史、文化、地理等知识于一体的丛书。本套丛书由德国APA公司策划,已有英语、法语、德语等多种文本。本书主要介绍奥地利的地理环境、政治经济、历史沿革、文化艺术。它以大量富有艺术感染力的彩色照片,以画报的形式生动形象地展示了这个国家或地区最具特色的名胜古迹、风土人情和自然风光;它以详尽的旅游信息(包括地图),全面介绍了本国的旅游景点和注意事项。 |
| ● |
| 相关链接 |
|
|
|
正题名:奥地利
索取号:K952.1/X547
 
预约/预借
| 序号 | 登录号 | 条形码 | 馆藏地/架位号 | 状态 | 备注 |
| 1 | 283285 | 202832854 | 社科库309/309社科库 28排1列1层/ [索取号:K952.1/X547] | 在馆 | |
| 2 | 283286 | 202832863 | 社科库309/309社科库 28排1列1层/ [索取号:K952.1/X547] | 在馆 | |
| 3 | 283287 | 202832872 | 社科库309/309社科库 28排1列1层/ [索取号:K952.1/X547] | 在馆 |